Statistics for Machine Gun Kelly

Click here to take the quiz!

General Stats

  • This quiz has been taken 6 times
  • The average score is 74 of 140

Answer Stats

MACHINE GUN KELLY SONG% Correct
5:3666
83%
At my best
83%
Candy
83%
Emo girl
83%
Forget me too
83%
Nothing inside
83%
27
67%
All I know
67%
A message from the count
67%
ay!
67%
Bad things
67%
Bloody Valentine
67%
Born with horns
67%
Burning memories
67%
Concert for aliens
67%
DAYWALKER!
67%
Die in California
67%
Drunk face
67%
Edge of destruction
67%
El Diablo
67%
FLOOR 13
67%
Glass house
67%
Golden god
67%
GTS
67%
Hollywood whore
67%
Home
67%
In these walls
67%
Invincible
67%
I think i'm okay
67%
Jawbreaker
67%
Lace up
67%
Loco
67%
Long time coming
67%
Love race
67%
Mainstream sellout
67%
Make up sex
67%
Maybe
67%
More than life
67%
Papercuts
67%
Play this when i'm gone
67%
Pretty toxic revolver
67%
Rap devil
67%
Rehab
67%
Roll the windows up
67%
Roulette
67%
Sex drive
67%
Sid and Nancy
67%
Till I die
67%
Title track
67%
Twin flame
67%
Wake + Bake
67%
WANNA BE
67%
Waste love
67%
Why are you here
67%
Wild boy
67%
WW3
67%
WW4
67%
9 Lives
50%
A little more
50%
All night long
50%
All we have
50%
Alpha omega
50%
Bad Mother fucker
50%
Can't walk
50%
D3mons
50%
Death in my pocket
50%
Drug dealer
50%
Eddie Cane
50%
End of the road
50%
Everyday
50%
Fake love don't last
50%
Get the broom
50%
GFY
50%
Go for broke
50%
Gone
50%
Habits
50%
Hold on (shut up)
50%
Kiss kiss
50%
Kiss the sky
50%
Lately
50%
Let you go
50%
LIVEFASTDIEYOUNG
50%
Lonely
50%
Make it happen
50%
Merry go round
50%
Misery business
50%
Nylon
50%
On my way
50%
Oz
50%
Round here
50%
Runnin
50%
Save me
50%
See my tears
50%
Signs
50%
Spotlight
50%
Stereo
50%
Story of the stairs
50%
The break up
50%
The gunner
50%
Therapy
50%
Thought it was
50%
Trap Paris
50%
Truck Norris interlude
50%
Warning shot
50%
What I do
50%
World series
50%
Young man
50%
Acting like that
33%
A girl like you
33%
Banyan tree interlude
33%
Bois lie
33%
Bullets with names
33%
Climb
33%
Don't sleep repeat
33%
E.Z.
33%
FUCK YOU. GOODBYE
33%
Half naked & almost famous
33%
Kevin and Barracuda interlude
33%
Last November
33%
My Ex best friend
33%
RED SKY
33%
Sick and tired
33%
Sorry mama
33%
Stay away
33%
Wall of fame interlude
33%
Alice in wonderland
17%
Bloody valentine (acoustic)
17%
Bounce out with that remix
17%
Ecstasy
17%
No more sad songs
17%
PILL BREAKER
17%
Too good to be true
17%
Alone
0%
Good time
0%
Lift off
0%
Show must go on
0%

Score Distribution

Percentile by Number Answered

Percent of People with Each Score

Your Score History

You have not taken this quiz